• 首页
  • 本馆介绍
  • 公告通知
  • 最新文献
  • 馆藏检索
  • 电子资源
  • 读者导购
  • 参考咨询
  • 我的图书馆
  • 登录
  • 详细信息显示
  • 放入我的书架
  • 预约/预借图书
  • 作者相关作品
  • 分类相关作品
  • 丛书相关作品
  • 出版社相关作品

书目信息

  • 表格格式
  • 工作单格式
  • 卡片格式
题名:
粘虫防治
    
 
作者: ;<<农作物病虫害防治丛书>>编写组 编
分册:  
出版信息: 北京   农业出版社  1972
页数: 43页
开本: 19cm
丛书名: 农作物病虫害防治丛书
单 册:
中图分类: S433.4
科图分类:
主题词: 粘虫--防治 , 植物--病虫害 , 植物--病虫害防治方法
电子资源:
ISBN:
000 00815nam2 2200277 45 980
001 0654742349
005 20060801151412.34
010    @dCNY0.12
091    @a16144.1607
100    @a19970504d1972 em y0chiy0121 ea
101 0  @achi
102    @aCN@b110000
105    @afk z 000yy
106    @ar
200 10 @a粘虫防治@Azhan chong fang zhi@f<<农作物病虫害防治丛书>>编写组编
210    @a北京@c农业出版社@d1972
215    @a43页@c图,表@d19cm
225 2  @a农作物病虫害防治丛书@v3
410  0 @1 20010@a农作物病虫害防治丛书
606    @a粘虫@x防治
606 0  @a植物@x病虫害
606 0  @a植物@x病虫害防治方法
690    @aS433.4@v3
711 02 @a<<农作物病虫害防治丛书>>编写组@4编@A<< nong zuo wu bing chong hai fang zhi cong shu>> bian xie zu
801 0  @c20060801
905    @a10447@dS433.4@e36
    
    粘虫防治/<<农作物病虫害防治丛书>>编写组编 .-北京:农业出版社,1972
    43页:图,表;19cm .-(农作物病虫害防治丛书;3 )
    
    
    ISBN :CNY0.12
    
●
相关链接 在E读中查询图书 在五车中查询图书 在当当中查询图书 在豆瓣中查询图书


正题名:粘虫防治     索取号:S433.4/36         预约/预借

序号 登录号 条形码 馆藏地/架位号 状态 备注
1 0439314   204393147   密集书库/ [索取号:S433.4/36] 在馆    
唐山师范学院图书馆 欢迎您!
大连网信软件有限公司© 版权所有